| 000 | 00697nam a2200277 a 4500 | ||
|---|---|---|---|
| 003 | AR-BaBNM | ||
| 005 | 20251128204701.0 | ||
| 008 | 082120s2002 ||||||||||||||000 | spa|| | ||
| 040 | _cAR-BaBNM | ||
| 100 | 1 | _aFernández-Shaw, Félix | |
| 245 | 0 | 0 | _aPanamá y sus relaciones centroamericanas |
| 250 | _a1ª ed. | ||
| 260 |
_aMadrid _bCultura Hispánica _c1964 |
||
| 300 |
_a329 p. _btablas |
||
| 500 | _aContiene índice de materias p. 311-323 | ||
| 650 | 4 | _aDEMOCRACIA | |
| 650 | 4 | _aSISTEMAS POLITICOS | |
| 650 | 4 | _aREFORMA | |
| 650 | 4 | _aCOMERCIO | |
| 650 | 4 | _aDEMOCRACIA | |
| 650 | 4 | _aSOCIOLOGIA | |
| 650 | 4 | _aPOBLACION | |
| 651 | 4 | _aPanamá | |
| 942 | _cBK | ||
| 998 | _cmariana | ||
| 999 |
_c8398 _d8398 |
||